000 00607cam a2200217 4500500
005 20260329003018.0
041 _afre
042 _adc
100 1 0 _aTenaillon, Nicolas
_eauthor
245 0 0 _aLions
260 _c2014.
500 _a28
690 _aInterprétation
690 _aLion
690 _aLivre du monde
690 _aMathilde Lequin
690 _aMétaphore
690 _aVisibilité
786 0 _nPhilosophie magazine | 80 | 6 | 2014-06-01 | p. 55-58 | 1951-1787
856 4 1 _uhttps://shs.cairn.info/magazine-philosophie-magazine-2014-6-page-55?lang=fr&redirect-ssocas=7080
999 _c1820518
_d1820518